Advances in electronics and electron physics (Record no. 2728)

MARC details
000 -LEADER
fixed length control field 00734nam a2200217Ia 4500
003 - CONTROL NUMBER IDENTIFIER
control field IN-BaIIA
008 - FIXED-LENGTH DATA ELEMENTS--GENERAL INFORMATION
fixed length control field 211028s9999 xx 000 0 eng d
040 ## - CATALOGING SOURCE
Transcribing agency IIA Library
080 ## - UNIVERSAL DECIMAL CLASSIFICATION NUMBER
Universal Decimal Classification number 047.1:621.38
Item number AEE-22A
245 #0 - TITLE STATEMENT
Title Advances in electronics and electron physics
Remainder of title vol. 22A
Statement of responsibility, etc. edited by J. D. McGee, D. Mcmullan and E. Kahan
260 ## - PUBLICATION, DISTRIBUTION, ETC.
Place of publication, distribution, etc. New York
Name of publisher, distributor, etc. Academic Press
Date of publication, distribution, etc. 1966
300 ## - PHYSICAL DESCRIPTION
Extent xx, 669p.
490 ## - SERIES STATEMENT
Series statement Advances in electronics and electron physics; v. 22A
650 ## - SUBJECT ADDED ENTRY--TOPICAL TERM
Topical term or geographic name entry element Electronics
9 (RLIN) 1576
650 ## - SUBJECT ADDED ENTRY--TOPICAL TERM
Topical term or geographic name entry element Electrophysics
650 ## - SUBJECT ADDED ENTRY--TOPICAL TERM
Topical term or geographic name entry element NASA Thesaurus
700 ## - ADDED ENTRY--PERSONAL NAME
Personal name Kahan E., ed.
9 (RLIN) 4890
700 ## - ADDED ENTRY--PERSONAL NAME
Personal name Mcgee, J. D., ed.
9 (RLIN) 4891
700 ## - ADDED ENTRY--PERSONAL NAME
Personal name Mcmullan, D., ed.
9 (RLIN) 4892
942 ## - ADDED ENTRY ELEMENTS (KOHA)
Koha item type Books
Holdings
Withdrawn status Lost status Damaged status Not for loan Home library Current library Shelving location Date acquired Cost, normal purchase price Total Checkouts Full call number Barcode Date last seen Cost, replacement price Price effective from Koha item type Purchase Price
        IIA Library-Bangalore IIA Library-Kavalur General Stacks 30/03/1967 144.90   047.1:621.38/ AEE-22A 3042 05/11/2021 144.90 30/03/1967 Books Rs. 144.90

Powered by Koha